| 000 | 00705nam a2200217Ia 4500 | ||
|---|---|---|---|
| 003 | GCL | ||
| 008 | 140319s9999 xx 000 0 ara d | ||
| 040 |
_aGCL / _cGCL |
||
| 082 | 0 | 4 |
_a808.068 _bا ا |
| 100 | 1 | _aاحمد زلط | |
| 245 | 1 | 0 |
_aادب الطفولة بين كامل كيلانى ومحمد الهراوى : _bدراسة تحليلية ناقدة / _cاحمد زلط |
| 260 |
_aالقاهرة : _bدار المعارف ، _c1994 |
||
| 300 |
_a151 ص ؛ _c24 سم |
||
| 490 | _a | ||
| 650 | 0 | 4 | _aالادب العربى |
| 650 | 0 | 4 | _aادب الاطفال |
| 650 | 0 | 4 | _aمحمد الهراوى |
| 650 | 0 | 4 | _aكامل كيلانى |
| 650 | 0 | 4 | _aتاريخ ونقد |
| 942 |
_2ddc _cBK |
||
| 999 |
_c29217 _d29217 |
||